|
|
|
|
| LEADER |
00637nab a2200193 i 4500 |
| 001 |
acta52105 |
| 005 |
20250403080305.0 |
| 008 |
180517s1941 hu o 000 hun d |
| 040 |
|
|
|a SZTE Egyetemi Kiadványok Repozitórium
|b hun
|
| 041 |
|
|
|a hun
|
| 100 |
1 |
|
|a Havas István
|
| 245 |
1 |
0 |
|a Tavasz érkezése
|h [elektronikus dokumentum] :
|b [vers] /
|c Havas István
|
| 260 |
|
|
|c 1941
|
| 300 |
|
|
|a 65
|
| 490 |
0 |
|
|a Gyakorlati pedagógia
|v 6 No. 2
|
| 650 |
|
4 |
|a Bölcsészettudományok
|
| 650 |
|
4 |
|a Nyelvek és irodalom
|
| 695 |
|
|
|a Magyar irodalom - vers
|
| 856 |
4 |
0 |
|u http://acta.bibl.u-szeged.hu/52105/1/gyakorlati_1941_002_065.pdf
|z Dokumentum-elérés
|